Brilliant Diamond + Shining Pearl Pokédex - Statistics

General Stats
  • This quiz has been taken 58 times
  • The average score is 102 of 151
Answer Stats
Answer % Correct
Chimchar
92%
Piplup
92%
Empoleon
88%
Infernape
88%
Prinplup
88%
Bidoof
85%
Dialga
85%
Luxio
85%
Luxray
85%
Monferno
85%
Palkia
85%
Shinx
85%
Staraptor
85%
Staravia
85%
Starly
85%
Torterra
85%
Turtwig
85%
Bibarel
81%
Grotle
81%
Azelf
77%
Geodude
77%
Golem
77%
Graveler
77%
Mesprit
77%
Uxie
77%
Abra
73%
Alakazam
73%
Blissey
73%
Buizel
73%
Chansey
73%
Garchomp
73%
Kadabra
73%
Kricketot
73%
Kricketune
73%
Lucario
73%
Machamp
73%
Machoke
73%
Onix
73%
Pichu
73%
Pikachu
73%
Purugly
73%
Raichu
73%
Steelix
73%
Abomasnow
69%
Bastiodon
69%
Beautifly
69%
Budew
69%
Buneary
69%
Burmy
69%
Carnivine
69%
Cascoon
69%
Cranidos
69%
Croagunk
69%
Dustox
69%
Floatzel
69%
Gabite
69%
Gastrodon
69%
Gible
69%
Glameow
69%
Golbat
69%
Golduck
69%
Gyarados
69%
Hippopotas
69%
Hippowdon
69%
Lopunny
69%
Machop
69%
Magikarp
69%
Mime Jr.
69%
Mothim
69%
Pachirisu
69%
Ponyta
69%
Psyduck
69%
Rampardos
69%
Rapidash
69%
Riolu
69%
Roselia
69%
Roserade
69%
Shellos
69%
Shieldon
69%
Silcoon
69%
Snover
69%
Weavile
69%
Wormadam
69%
Wurmple
69%
Zubat
69%
Bronzong
65%
Bronzor
65%
Cherrim
65%
Cherubi
65%
Combee
65%
Crobat
65%
Drapion
65%
Happiny
65%
Misdreavus
65%
Mismagius
65%
Mr. Mime
65%
Skorupi
65%
Sneasel
65%
Toxicroak
65%
Vespiquen
65%
Aipom
62%
Ambipom
62%
Azumarill
62%
Azurill
62%
Chatot
62%
Drifblim
62%
Drifloon
62%
Finneon
62%
Gengar
62%
Goldeen
62%
Haunter
62%
Lumineon
62%
Mantine
62%
Mantyke
62%
Marill
62%
Meditite
62%
Munchlax
62%
Octillery
62%
Remoraid
62%
Seaking
62%
Skuntank
62%
Snorlax
62%
Spiritomb
62%
Stunky
62%
Chimecho
58%
Chingling
58%
Clefable
58%
Clefairy
58%
Cleffa
58%
Gastly
58%
Girafarig
58%
Heracross
58%
Feebas
54%
Honchkrow
54%
Medicham
54%
Milotic
54%
Quagsire
54%
Tentacool
54%
Tentacruel
54%
Wooper
54%
Barboach
50%
Bonsly
50%
Manaphy
50%
Murkrow
50%
Unown
50%
Whiscash
50%
Sudowoodo
46%
Hoothoot
38%
Noctowl
38%
Pelipper
38%
Wingull
38%
No matching quizzes found
Score Distribution
Percent of People with Each Score
Percentile by Number Answered
Your Score History
You have not taken this quiz